All countries with a Dutch Military base - Statistics

General Stats
  • This quiz has been taken 24 times
  • The average score is 13 of 25
Answer Stats
Hint Answer % Correct
North America United States
94%
Europe Germany
82%
North America Aruba
71%
Europe Poland
71%
North America Curacao
65%
Europe Lithuania
65%
Europe Romania
65%
Europe Bulgaria
59%
Europe Estonia
59%
Europe Latvia
59%
Africa South Sudan
59%
Europe/Asia Turkey
59%
Asia Iraq
47%
Europe Kosovo
47%
Africa Mali
47%
North America St Maarten
47%
Europe Ukraine
47%
Asia Cyprus
41%
Africa Djibouti
35%
Asia United Arab Emirates
35%
Asia Afghanistan
29%
Asia Georgia
29%
Africa Seychelles
29%
Africa Eritrea
24%
Asia Jordan
24%
No matching quizzes found
Score Distribution
Percent of People with Each Score
Percentile by Number Answered
Your Score History
You have not taken this quiz